| 000 | 00736nam a2200241 a 4500 | ||
|---|---|---|---|
| 999 |
_c12562 _d12562 |
||
| 001 | 12562 | ||
| 003 | BD-JhCC | ||
| 005 | 20220906095438.0 | ||
| 008 | 220904b2019 bg a|||| |||a 000 0 ben d | ||
| 020 | _a9789848043370 | ||
| 035 | _a(BD-JhCC)12562 | ||
| 040 |
_aBD-JhCC _dBD-JhCC |
||
| 041 | _aBengali | ||
| 082 |
_a920 _bGOL 2019 |
||
| 245 |
_aগল্প কথায় শেখ রাসেল / _cসম্পাঃ আরিফ নজরুল । |
||
| 260 |
_aঢাকা : _bরাফাত পাবলিকেশন্স ; _c২০১৯. |
||
| 300 |
_a158 p. : _bill; _c22 cm. |
||
| 650 | _aBiography | ||
| 650 | _aSheikh Rasel | ||
| 700 | _aনজরুল ,আরিফ | ||
| 942 |
_2ddc _cBK |
||